000 00568nam a2200229Ia 4500
003 OSt
005 20220918201237.0
006 a|||||r|||| 00| 0
007 ta
008 220917b |||||||| |||| 00| 0 eng d
024 _a92,579
037 _cTextual
040 _aARTS
_cARTS
_beng
041 _2eng
_aeng
082 _aU8:262:N0, D3.1-.2
100 _aLandor A H S
_997637
245 0 _aAcross conveted lands
260 _c1903
650 _aGEOGRAPHY
942 _hU8:262:N0, D3.1-.2
_cTEXL
_2CC
999 _c216230
_d216230